A concise introduction to data compression (Record no. 3049)

MARC details
000 -LEADER
fixed length control field 00657nam a22002297a 4500
003 - CONTROL NUMBER IDENTIFIER
control field OSt
005 - DATE AND TIME OF LATEST TRANSACTION
control field 20220107122716.0
008 - FIXED-LENGTH DATA ELEMENTS--GENERAL INFORMATION
fixed length control field 130529b xxu||||| |||| 00| 0 eng d
020 ## - INTERNATIONAL STANDARD BOOK NUMBER
International Standard Book Number 9788184897517
020 ## - INTERNATIONAL STANDARD BOOK NUMBER
International Standard Book Number 9781848000711
040 ## - CATALOGING SOURCE
Transcribing agency IIITM-K
082 ## - DEWEY DECIMAL CLASSIFICATION NUMBER
Classification number 004 SAL/C
100 1# - MAIN ENTRY--PERSONAL NAME
Personal name Salomon, David.
9 (RLIN) 791
245 12 - TITLE STATEMENT
Title A concise introduction to data compression
Statement of responsibility, etc. by David Salomon.
260 ## - PUBLICATION, DISTRIBUTION, ETC.
Place of publication, distribution, etc. New Delhi,
Name of publisher, distributor, etc. Springer,
Date of publication, distribution, etc. 2008.
300 ## - PHYSICAL DESCRIPTION
Extent xiii, 310 p.
440 #0 - SERIES STATEMENT/ADDED ENTRY--TITLE
Title Undergraduate topics in Computer Science
9 (RLIN) 792
650 #0 - SUBJECT ADDED ENTRY--TOPICAL TERM
Topical term or geographic name entry element COMPUTER SCIENCE
9 (RLIN) 793
650 #0 - SUBJECT ADDED ENTRY--TOPICAL TERM
Topical term or geographic name entry element INFORMATION TECHNOLOGY
9 (RLIN) 794
650 #0 - SUBJECT ADDED ENTRY--TOPICAL TERM
Topical term or geographic name entry element DATA COMPRESSION
9 (RLIN) 795
942 ## - ADDED ENTRY ELEMENTS (KOHA)
Source of classification or shelving scheme Dewey Decimal Classification
Koha item type Books
Holdings
Withdrawn status Lost status Source of classification or shelving scheme Damaged status Not for loan Collection code Home library Current library Shelving location Date acquired Cost, normal purchase price Total Checkouts Full call number Barcode Date last seen Price effective from Koha item type
    Dewey Decimal Classification     Data Processing Computer Processing Kerala University of Digital Sciences, Innovation and Technology Knowledge Centre Kerala University of Digital Sciences, Innovation and Technology Knowledge Centre Computer Science 18/04/2023 484.00   004 SAL/C 2735 08/02/2025 29/05/2013 Books